000 00905nam a2200229 a 4500
001 41479
003 BD-RjUL
005 20211209053408.0
008 160531s1976 bg ||||| b||| 00| 0 ben d
020 _c: TK 15.00
035 _a(BD-RjUL)41597
040 _aBD-RjUL
_bben
_cBD-RjUL
041 _aben
082 _223
_a181.09
_bMUK 1976
100 _aমুখোপাধ্যায়, সুনীলকুমার
_9118659
245 1 0 _aকাব্যনির্মাণকলা আরিস্টটল /
_cসুনীলকুমার মুখোপাধ্যায়
260 _aঢাকা :
_bমুক্তধারা,
_c১৯৭৬
300 _a১৭৫ পৃ. ;
_c২১ সেমি.
650 _aদার্শনিক
_xইতিহাস ও সমালোচনা
_9127488
650 _aTraveller
_xHistory & Criticism
_9127489
942 _2ddc
_cBK
999 _c41479
_d41479